Welcome to the Holygrace Academy Library

Please use search bar below to get started

ENGLANDILE NADODIKATHAKAL (Record no. 1786)

MARC details
000 -LEADER
fixed length control field 00273nam a22001217a 4500
082 ## - DEWEY DECIMAL CLASSIFICATION NUMBER
Classification number 894.812.3
Item number ABH/E
100 ## - MAIN ENTRY--AUTHOR NAME
Personal name ABRAHAM
245 ## - TITLE STATEMENT
Title ENGLANDILE NADODIKATHAKAL
260 ## - PUBLICATION, DISTRIBUTION, ETC. (IMPRINT)
Place of publication THRISSUR
Name of publisher H&C PUBLISHING HOUSE
Year of publication 2008
300 ## - PHYSICAL DESCRIPTION
Number of Pages 63
650 ## - SUBJECT ADDED ENTRY--TOPICAL TERM
Topical Term STORY
Geographic subdivision KERALA
942 ## - ADDED ENTRY ELEMENTS (KOHA)
Koha item type Books
Holdings
Withdrawn status Lost status Collection code Home library Current library Shelving location Date acquired Source of acquisition Full call number Accession Number Koha item type
    Fiction Main Library Main Library SHELF-6C MALAYALAM SHORT STORIES 15/05/2009 PURCHASE 894.812.3 ABH/E 04075 Books
    Fiction Main Library Main Library SHELF-6C MALAYALAM SHORT STORIES 20/10/2012 PURCHASE 894.812.3 ABH/E 04987 Books